| 000 | 01849nim a2200349 i 4500 | ||
|---|---|---|---|
| 001 | 197329 | ||
| 003 | ES-MaACL | ||
| 005 | 20250828062625.0 | ||
| 007 | ss lsnjlcipnne | ||
| 008 | 140525s1991 sp nnnn |||| 00| spa d | ||
| 040 |
_bspa _cES-MaACL |
||
| 100 | 0 |
_989042 _aParedes Alonso, Francisco Javier _eaut |
|
| 245 | 0 | 0 |
_aLa organización de la justicia en la España liberal, los orígenes de la carrera judicial, 1834-1870 _h[Grabación sonora] : _bconferencia / _cpor Francisco Javier Paredes Alonso |
| 260 |
_aMadrid : _bAteneo de Madrid, _c1991 |
||
| 300 |
_a1 casete (ca. 90 min) : _bson. ; _c11 cm |
||
| 490 | 1 | _3Actos culturales en el Ateneo de Madrid | |
| 518 | _aGrabado el 1 de marzo de 1991 en el Salón de Actos del Ateneo de Madrid | ||
| 520 | _aEn la conferencia se abordó el contenido del libro de Javier Paredes titulado "La organización de la justicia en la España liberal, los orígenes de la carrera judicial, 1834-1870 ", que se centra en el proceso de configuración del sistema judicial durante el periodo liberal en España, entre 1834 y 1870. Estuvo marcado por el reinado de Isabel II (1833-1868), bajo regencias como las de María Cristina (1833-1840) y Espartero (1840-1843). | ||
| 540 | _aDocumento inédito | ||
| 594 | _5Datos basados en la invitación | ||
| 610 | 2 | 0 |
_aAteneo de Madrid- _xActos culturales- _y1991- _vGrabaciones sonoras _9240452 |
| 651 | 7 |
_aEspaña- _xHistoria- _yS.XIX _2 _9142005 |
|
| 653 | _aArchivo de la palabra | ||
| 655 | 0 |
_aConferencias _9234444 |
|
| 700 | 1 |
_986974 _aOlmo, Lauro, _d1922-1994 _epres |
|
| 710 | 2 |
_aAteneo de Madrid. _bSección de Ciencias Históricas _91981 |
|
| 830 | 0 |
_aActos culturales en el Ateneo de Madrid _9240237 |
|
| 852 |
_aES-MaACL _cDEPOZ _9205630 |
||
| 942 |
_2udc _n0 _cCINTASAUD |
||
| 999 |
_c197329 _d197329 |
||